MARC

LEADER 00000nas a2200000 4500
001 ssj0012125
003 WaSeSS
005 20200512172242.0
006 m d
007 cr n
008 751101c19709999dcuqx p s 0 a0eng
010 |a  76015003  
016 7 |a 101082687  |2 DNLM 
016 7 |a 011767530  |2 Uk 
022 |l 0026-914X  |y 0026-914X 
032 |a 372580  |b USPS 
035 |a (WaSeSS)ssj0012125 
037 |b NCEA, Suite 100, 1077 30th St., N.W., Wash., DC 20007 
040 |a DLC  |b eng  |c MUL  |d SUL  |d YUS  |d DLC  |d NSD  |d DLC  |d NSD  |d AIP  |d NSD  |d NST  |d IUL  |d NSD  |d NST  |d SYS  |d NLM  |d OCLCQ  |d CRU  |d OCLCQ  |d MOF  |d UKMGB  |d OCLCF  |d OCLCA  |d QE2  |d OCLCQ  |d WaSeSS 
042 |a pcc  |a nsdp 
043 |a n-us--- 
050 0 0 |a LC461  |b .N4316 
050 1 4 |a L11  |b .M64 
082 0 4 |a 377/.8/205 
210 0 |a Momentum  |b (Washington) 
222 0 |a Momentum  |b (Washington) 
245 0 0 |a Momentum  |h [electronic resource]. 
260 |a [Washington],  |b [National Catholic Educational Association] 
310 |a 4 no. a year,  |b Oct 1971- 
321 |a Five no. a year,  |b 1970-Apr. 1971 
362 0 |a v. 1- Feb. 1970- 
506 |a License restrictions may limit access. 
550 |a "Journal of the National Catholic Educational Association." 
610 2 0 |a Catholic Church  |x Education  |v Periodicals. 
610 2 7 |a Catholic Church.  |2 fast  |0 (OCoLC)fst00531720 
650 1 2 |a Catholicism. 
650 1 2 |a Religion. 
650 7 |a Education.  |2 fast  |0 (OCoLC)fst00902499 
655 0 |a Electronic journals. 
710 2 |a National Catholic Educational Association. 
780 0 2 |a National Catholic Educational Association.  |t NCEA bulletin  |w (OCoLC)1759102 
850 |a CU-Riv  |a DLC  |a InU  |a P  |a ViBlbV 
853 3 3 |8 1  |a v.  |b no.  |i (year)  |j (month) 
856 4 0 |z Full text available from Research Library: 02/01/2005 to present  |u https://search.proquest.com/publication/35724 
863 4 0 |8 1  |a <1>-  |i <1970>-  |x provisional